| 000 | 00526nam a2200205Ia 4500 | ||
|---|---|---|---|
| 008 | 180523s9999 xx 000 0 und d | ||
| 020 | _a981-06-9954-9 | ||
| 050 | _aMAIN RC 954 | ||
| 050 | _b.T33 2006 | ||
| 100 | _aTabloski, Patricia A. | ||
| 245 | 0 | _aGerontological nursing / | |
| 245 | 0 | _cPatricia A. Tabloski | |
| 260 | _aSingapore : | ||
| 260 | _bPearson Education South Asia, | ||
| 260 | _c2006 | ||
| 300 | _a862 pages : | ||
| 300 | _c26 cm. | ||
| 500 | _aIncludes index. | ||
| 650 | _aGeriatric nursing. | ||
| 999 |
_c357647 _d357647 |
||